00357nam a2200145Ia 4500008004100000020001500041041000800056082001700064100002000081245002000101250000600121260005200127300001200179650002000191210716s2003 xx 000 0 und d a8120320956 aeng a621.395 MANM aMano, M Morris. aDigital design. a3 aNew DelhibPrentice Hall of India PVt Ltdc2003 axii,516 aDigital Systems